00499nam a2200193 a 4500001001300000003000900013005001700022008004100039020001000080082001700090100001400107245004700121260004100168300000900209500003500218505001500253650002300268700001400291nice12345678IN_TiNIC20260116011849.0050524s1916 weia grp 000 0 ger  ac10000a181.07bHOR5 aHorten, M aDie Religiose Gedanken Welt Der Gebildeten aWeimarbVerlag Von Emil Felberc1916 a184p aincludes index and biblioraphy2 aIll, Index aPhilosophy-Islamic1 aHorten, M